Process systems analysis and control (Record no. 13580)

000 -LEADER
fixed length control field 00605nam a22002171 4500
001 - CONTROL NUMBER
control field 13580
003 - CONTROL NUMBER IDENTIFIER
control field BD-DhUET
008 - FIXED-LENGTH DATA ELEMENTS--GENERAL INFORMATION
fixed length control field 730306s1965 nyua b 000 0 eng
040 ## - CATALOGING SOURCE
Original cataloging agency DLC
Transcribing agency DLC
Modifying agency BD-DhUET
082 ## - DEWEY DECIMAL CLASSIFICATION NUMBER
Classification number 660.284
Item number COU/1965
100 1# - MAIN ENTRY--PERSONAL NAME
Personal name Coughanowr, Donald R.
245 10 - TITLE STATEMENT
Title Process systems analysis and control
250 ## - EDITION STATEMENT
Edition statement 1st ed.
260 ## - PUBLICATION, DISTRIBUTION, ETC. (IMPRINT)
Place of publication, distribution, etc. New York
Name of publisher, distributor, etc. McGraw-Hill
Date of publication, distribution, etc. 1965
300 ## - PHYSICAL DESCRIPTION
Extent xii, 491 p.
Other physical details illus.
Dimensions 23 cm.
490 ## - SERIES STATEMENT
Series statement McGraw-hill chemical engineering series
504 ## - BIBLIOGRAPHY, ETC. NOTE
Bibliography, etc Includes bibliographies
650 #0 - SUBJECT ADDED ENTRY--TOPICAL TERM
Topical term or geographic name as entry element Industrial process
700 ## - ADDED ENTRY--PERSONAL NAME
Personal name Koppel, Lowell B.
942 ## - ADDED ENTRY ELEMENTS (KOHA)
Koha item type General Book
Holdings
Source of classification or shelving scheme Not for loan Copy number Koha full call number Damaged status Koha normalized classification for sorting Koha item type Date acquired Shelving location Piece designation (barcode) Sublocation or collection (holding branch) Lost status Location (home branch) Price effective from Withdrawn status Koha date last seen
  1660.284/COU/1965 660_284000000000000_COU_1965General Book2015-03-03Circulation section29691Central Library, BUET Central Library, BUET2015-03-03 2015-03-03
  2660.284/COU/1965 660_284000000000000_COU_1965General Book2015-05-11Circulation section17867Central Library, BUET Central Library, BUET2015-05-11 2015-05-11
  3660.284/COU/1965 660_284000000000000_COU_1965General Book2015-05-11Circulation section17870Central Library, BUET Central Library, BUET2015-05-11 2015-05-11
  4660.284/COU/1965 660_284000000000000_COU_1965Reading Item2015-06-21Reading section29702Central Library, BUET Central Library, BUET2015-06-21 2015-06-21
  5660.284/COU/1965 660_284000000000000_COU_1965Reading Item2015-06-21Reading section18753Central Library, BUET Central Library, BUET2015-06-21 2015-06-21
  6660.284/COU/1965 660_284000000000000_COU_1965Reading Item2015-06-21Reading section17868Central Library, BUET Central Library, BUET2015-06-21 2015-06-21